Т. 4 : Оптика; Общий курс физики

Bibliographic Details
Parent link:Общий курс физики: учебное пособие/ Д. В. Сивухин. Т. 4 : Оптика.— , 2002-2003.— 5-9221-0229-X
Summary:Четвертый том курса физики, широко известного у нас в стране и за рубежом. Книга написана на основе лекций, которые в течение ряда лет читались автором студентам Московского физико-технического института. Основное внимание уделено выяснению физического смысла и содержания основных законов и понятий оптики, установлению границ применимости этих законов, развитию у студентов навыков физического мышления и умения ставить и решать конкретные задачи. Второе издание четвертого тома вышло в 1985 г.
Language:Russian
Published: 2002
Edition:3-е изд., стер.
Subjects:
Format: Book
KOHA link:https://koha.lib.tpu.ru/cgi-bin/koha/opac-detail.pl?biblionumber=75922

MARC

LEADER 00000nam2a2200000 4500
001 75922
005 20231101212838.0
010 |a 5922102281 
010 |a 5-89155-087-3 
035 |a (RuTPU)RU\TPU\book\81023 
090 |a 75922 
100 |a 20050405d2002 m y0rusy50 ca 
101 0 |a rus 
102 |a RU 
105 |a a j 001zy 
200 0 |a Т. 4 : Оптика 
205 |a 3-е изд., стер. 
210 |d 2002 
215 |a 792 с.  |c ил. 
320 |a Именной указатель: с. 780-783. 
320 |a Предметный указатель: с. 784-791. 
330 |a Четвертый том курса физики, широко известного у нас в стране и за рубежом. Книга написана на основе лекций, которые в течение ряда лет читались автором студентам Московского физико-технического института. Основное внимание уделено выяснению физического смысла и содержания основных законов и понятий оптики, установлению границ применимости этих законов, развитию у студентов навыков физического мышления и умения ставить и решать конкретные задачи. Второе издание четвертого тома вышло в 1985 г. 
461 1 |0 (RuTPU)RU\TPU\book\68509  |y 5-9221-0229-X  |y 5-89155-077-6  |t Общий курс физики  |o учебное пособие  |o в 5 т.  |f Д. В. Сивухин  |v Т. 4 : Оптика  |d 2002-2003 
606 1 |a Физика  |2 stltpush  |3 (RuTPU)RU\TPU\subj\63709  |9 80688 
606 1 |a Оптика  |2 stltpush  |3 (RuTPU)RU\TPU\subj\67665  |9 83386 
610 1 |a оптические изображения 
610 1 |a интерференция 
610 1 |a дифракция 
610 1 |a отражение 
610 1 |a преломление 
610 1 |a оптика металлов 
610 1 |a кристаллооптика 
610 1 |a молекулярная оптика 
610 1 |a теория относительности 
610 1 |a тепловое излучение 
610 1 |a лазеры 
610 1 |a нелинейная оптика 
610 1 |a учебные пособия 
610 1 |a свет 
675 |a 53(075.8)  |v 3 
675 |a 535(075.8)  |v 3 
801 1 |a RU  |b 63413507  |c 20050405  |g PSBO 
801 2 |a RU  |b 63413507  |c 20140224  |g PSBO 
942 |c BK 
959 |a 25/20050404  |d 1  |e 236  |f НФ:1